LEADER 01328nam 2200325Ia 450 001 996391085703316 005 20221108093033.0 035 $a(CKB)1000000000662690 035 $a(EEBO)2248538704 035 $a(OCoLC)13297310 035 $a(EXLCZ)991000000000662690 100 $a19860314d1661 uy | 101 0 $alat 135 $aurbn||||a|bb| 200 10$aAcademiæ Edinburgenæ gratulatio, ob serenissimi, augustissimiq[ue], monarchæ Caroli II ... in solium paternum restitutionem$b[electronic resource] /$foblata illustrissimo dynastæ, D. Johanni Middiltonio ... in aula? ejusdem Academiæ, 29 Maij 1661 210 $aEdinburgi $cExcudebat Gideon Lithgo[w] ...$d1661 215 $a[28] p 300 $aThis item appears at reel 315:1 as E165, and at 428:14 as M1972 (number cancelled in Wing CD-ROM, 1996). 300 $aReproduction of original in Edinburgh University Library. 330 $aeebo-0046 700 $aMiddleton$b John Middleton$cEarl of,$f1619-1674.$01011846 712 02$aUniversity of Edinburgh. 801 0$bEAA 801 1$bEAA 801 2$bm/c 801 2$bWaOLN 906 $aBOOK 912 $a996391085703316 996 $aAcademiæ Edinburgenæ gratulatio, ob serenissimi, augustissimiq, monarchæ Caroli II ... in solium paternum restitutionem$92346117 997 $aUNISA